000 01106nam a2200337 i 4500
003 CO-BoRNBP
005 20250306112605.0
007 ta
008 231122s2023 ck a|||er|||| 00| f|spa d
020 _a9786287507869
040 _aCO-BoRNBP
_bspa
_erda
_cCO-BoRNBP
041 1 _aspa
_heng
043 _as-sa---
084 _aN GUR4
100 1 _a Gurnah, Abdulrazak
_d1948-
_eautor
_959161
245 1 0 _aParaíso
_cAbdulrazak Gurnah ; traducción del inglés Sofia Noguera Mendía
250 _aEdición especial
264 1 _aBogotá, Colombia
_bSalamandra
_c2023
300 _a300 páginas
_c23 cm
336 _atexto
_btxt
_2rdacontent
337 _asin mediación
_bn
_2rdamedia
338 _avolumen
_bnc
_2rdacarrier
521 _aRecomendado para un público adulto
534 _tParadise
650 1 7 _aNovela africana
_ySiglo XXI
_2ARMARC
_959162
650 1 7 _aLiteratura africana
_ySiglo XXI
_2ARMARC
_959163
650 1 7 _aAmor en la literatura
_2ARMARC
_969
651 4 _aAfrica
_xVida social y costumbres
_959164
700 1 _aNoguera Mendía, Sofia
_etraductora
_959165
942 _2loc
_cBKLIT
999 _c57025
_d57025